Loading...
| Literature - Drama | 1 | 5 | 1 | 0 | 60 | 70 | 111.67 | 3 | 6 |
| Fine Arts - Other Fine Arts | 0 | 5 | 1 | 0 | 45 | 82 | 111.20 | 2 | 5 |
| Literature - Poetry | 2 | 2 | 1 | 0 | 45 | 75 | 92.00 | 2 | 4 |
| History - World History | 1 | 3 | 0 | 2 | 45 | 70 | 122.25 | 1 | 4 |
| Literature - Long Fiction | 0 | 4 | 0 | 0 | 40 | 105 | 127.50 | 0 | 4 |
| Other Academic | 0 | 4 | 0 | 3 | 40 | 81 | 128.75 | 0 | 4 |
| Fine Arts - Classical Music | 0 | 3 | 0 | 1 | 30 | 128 | 139.33 | 0 | 2 |
| Literature - Short Fiction | 0 | 3 | 0 | 0 | 30 | 101 | 102.67 | 2 | 3 |
| Philosophy | 0 | 3 | 0 | 0 | 30 | 86 | 110.00 | 0 | 3 |
| Science - Biology | 1 | 2 | 1 | 0 | 30 | 78 | 89.67 | 3 | 3 |
| Literature - Misc Literature | 1 | 1 | 0 | 0 | 25 | 70 | 94.00 | 1 | 1 |
| Science - Physics | 0 | 2 | 0 | 0 | 20 | 123 | 128.50 | 0 | 1 |
| Science - Other Science | 0 | 2 | 0 | 0 | 20 | 132 | 135.50 | 0 | 2 |
| Social Science | 0 | 2 | 0 | 0 | 20 | 89 | 112.00 | 2 | 2 |
| Fine Arts - Painting and Sculpture | 0 | 1 | 0 | 0 | 10 | 160 | 160.00 | 0 | 1 |
| Religion | 0 | 1 | 0 | 0 | 10 | 138 | 138.00 | 0 | 1 |
| Geography | 0 | 1 | 1 | 0 | 5 | 110 | 110.00 | 0 | 1 |
| Mythology | 0 | 0 | 1 | 0 | -5 | 0.00 | 0 | 0 | |
| Science - Chemistry | 0 | 0 | 1 | 0 | -5 | 0.00 | 0 | 0 |